Nanomaterial Characterization : An Introduction /

Gespeichert in:
Bibliographische Detailangaben
Weitere Verfasser: Tantra, Ratna (Herausgegeben von)
Format: Buch
Sprache:Englisch
Veröffentlicht: New Jersey : John Wiley and Sons, Inc., 2016
Tags: Tag hinzufügen
Keine Tags, Fügen Sie das erste Tag hinzu!

MARC

LEADER 00000nam a22000003a 4500
001 0019988
003 SK-STU
005 20161215134004.9
007 ta
008 161215s ----xo-----e------000-0-----d
020 |a 978-1-118-75359-0 
040 |a STU  |b slo 
041 0 |a eng 
044 |a xxu 
080 |a 53.42 
100 1 |a Tantra, Ratna  |4 edt  |r Z6 
245 1 0 |a Nanomaterial Characterization : An Introduction /  |c ed. Ratna Tantra 
260 |a New Jersey :  |b John Wiley and Sons, Inc.,  |c 2016 
300 |a 294 s. 
996 |b 284EK89783  |c E* 89783  |l EE36  |s P  |a 0  |w 0019988_0001